What about my rent? (Record no. 60808)

MARC details
000 -LEADER
fixed length control field 00596cam a2200193 4500
001 - CONTROL NUMBER
control field ABS61119
008 - FIXED-LENGTH DATA ELEMENTS--GENERAL INFORMATION
fixed length control field 000000n1999 000 0 eng u
035 ## - SYSTEM CONTROL NUMBER
System control number (Sirsi) u101683
100 ## - MAIN ENTRY--PERSONAL NAME
Personal name Hull, M.
245 ## - TITLE STATEMENT
Title What about my rent?
260 ## - PUBLICATION, DISTRIBUTION, ETC.
Date of publication, distribution, etc. 1999
490 ## - SERIES STATEMENT
Series statement Estates Gazette
Volume/sequential designation (9932) 14 August 1999, 84-85(2)
520 ## - SUMMARY, ETC.
Summary, etc. Considers how landlords and tenants can prepare for loss of rent claims, which are often difficult to prove satisfactorily.
650 ## - SUBJECT ADDED ENTRY--TOPICAL TERM
Topical term or geographic name entry element CLAIMS
650 ## - SUBJECT ADDED ENTRY--TOPICAL TERM
Topical term or geographic name entry element LOSSES
690 ## - LOCAL SUBJECT ADDED ENTRY--TOPICAL TERM (OCLC, RLIN)
Topical term or geographic name as entry element LANDLORD AND TENANT-BUSINESS TENANCIES
700 ## - ADDED ENTRY--PERSONAL NAME
Personal name McIntosh, M.
942 ## - ADDED ENTRY ELEMENTS (KOHA)
Suppress in OPAC 0
Holdings
Withdrawn status Lost status Source of classification or shelving scheme Damaged status Not for loan Home library Current library Shelving location Date acquired Total Checkouts Full call number Barcode Date last seen Copy number Price effective from Koha item type
    Dewey Decimal Classification     London London Journal article 09/11/1999   ABS61119 101683-1001 06/08/2019 1 06/08/2019 Journal article